Διαδραστικός σχεδιασμός εφαρμογής επαυξημένης πραγματικότητας για φορητή συσκευή : μεταπτυχιακή διατριβή
Η παρούσα εργασία παρουσιάζει αναλυτικά τη μελέτη για τη δημιουργία μιας εφαρμογής με θέμα την προεπισκόπηση επίπλων και διακοσμητικών αντικειμένων με τη χρήση της τεχνολογίας της επαυξημένης πραγματικότητας. Η προτεινόμενη εφαρμογή πρόκειται να ενισχύσει την οπτική που έχει ένας καταναλωτής για τα...
Αποθηκεύτηκε σε:
| Κύριος συγγραφέας: | |
|---|---|
| Συγγραφή απο Οργανισμό/Αρχή: | |
| Μορφή: | Thesis Βιβλίο |
| Γλώσσα: | Greek |
| Δημοσίευση: |
2013.
|
| Θέματα: | |
| Διαθέσιμο Online: | http://hdl.handle.net/11610/12820 |
| Ετικέτες: |
Προσθήκη ετικέτας
Δεν υπάρχουν, Καταχωρήστε ετικέτα πρώτοι!
|
MARC
| LEADER | 00000cam a2200000 i 4500 | ||
|---|---|---|---|
| 001 | 1/38080 | ||
| 008 | 131108s2013 gr |||||||||||||| ||gre|| | ||
| 035 | |l 10115953 | ||
| 040 | |a GR-MyUa |b gre |e AACR2 | ||
| 041 | 0 | |a gre | |
| 082 | 0 | |a 729.028 |2 (22) | |
| 100 | 1 | |a Ζερβάκης, Δημόκριτος. | |
| 245 | 1 | 0 | |a Διαδραστικός σχεδιασμός εφαρμογής επαυξημένης πραγματικότητας για φορητή συσκευή : |b μεταπτυχιακή διατριβή / |c Δημόκριτος Ζερβάκης ; επιβλέπων: Μ. Σταυράκης. |
| 260 | |c 2013. | ||
| 300 | |a 66 φύλλα : |b εικ. ; |c 30 εκ. | ||
| 500 | |a Διάθεση πλήρους κειμένου περιορισμένης πρόσβασης (μόνο από μέλη του Παν. Αιγαίου). | ||
| 502 | |a Διατριβή (μεταπτυχιακή) - Πανεπιστήμιο Αιγαίου, Σύρος, 2013. | ||
| 504 | |a Βιβλιογραφία: σ. 53-57. | ||
| 520 | |a Η παρούσα εργασία παρουσιάζει αναλυτικά τη μελέτη για τη δημιουργία μιας εφαρμογής με θέμα την προεπισκόπηση επίπλων και διακοσμητικών αντικειμένων με τη χρήση της τεχνολογίας της επαυξημένης πραγματικότητας. Η προτεινόμενη εφαρμογή πρόκειται να ενισχύσει την οπτική που έχει ένας καταναλωτής για τα αντικείμενα που πρόκειται να επιλέξει για να επιπλώσει και να διακοσμήσει το χώρο του. Επίσης βοηθά και τον επαγγελματία, ο οποίος θέλει ένα εργαλείο, έτσι ώστε να γίνει πιο κατανοητός στον πελάτη και πιο αποδοτικός στην εργασία του. Με τη βοήθεια της συγκεκριμένης τεχνολογίας προβάλλονται τα αντικείμενα στο χώρο του χρήστη, σε πραγματικές διαστάσεις και με πολύ καλό φωτορεαλιστικό αποτέλεσμα. Έτσι γίνεται άμεσα κατανοητό, το πώς θα είναι ο χώρος με το συγκεκριμένο αντικείμενο τοποθετημένο μέσα σ' αυτό, αντίθετα με την προοπτική σχεδίαση ενός χώρου, που ναι μεν μπορεί να έχει ένα άριστο (οπτικό) αποτέλεσμα, αλλά παραμένει μια δισδιάστατη απεικόνιση, εκτυπωμένη σε κλίμακα, σε ένα χαρτί και επίσης είναι μία ιδιαίτερα χρονοβόρα και ακριβή διαδικασία. | ||
| 650 | 0 | |a Interior decoration rendering. | |
| 650 | 0 | |a Augmented reality. | |
| 650 | 0 | |a Mobile computing. | |
| 650 | 0 | 0 | |a Dissertations, Academic |z Greece. |
| 700 | 1 | |a Σταυράκης, Μόδεστος, |e dgs | |
| 710 | 2 | |a Πανεπιστήμιο Αιγαίου. |b Τμήμα Μηχανικών Σχεδίασης Προϊόντων και Συστημάτων. |b Μεταπτυχιακό Πρόγραμμα Σπουδών στη Σχεδίαση Διαδραστικών και Βιομηχανικών Προϊόντων και Συστημάτων. | |
| 852 | |a INST |b SYROS |c DIATR |e 20131108 |h 729.028 ΖΕΡ |p 005500011084 |q 005500011084 |t MTXE |y 23 | ||
| 852 | |a INST |b SYROS |c DIATR |e 20131108 |h 729.028 ΖΕΡ |p 005500011085 |q 005500011085 |t MTXE |y 23 | ||
| 856 | |u http://hdl.handle.net/11610/12820 | ||
| 901 | |a BIBL5-2012-1 | ||
| 924 | |a Ζερβάκης |b Δημόκριτος |y Σύρος |z 2013-10 | ||
| 970 | |a Κοντού |b Παρασκευή |z 08/11/2013 | ||